FROM THE TOP. (Record no. 711104)

MARC details
000 -LEADER
fixed length control field 00459nam a2200181Ia 4500
008 - FIXED-LENGTH DATA ELEMENTS--GENERAL INFORMATION
fixed length control field 100920s9999 xx 000 0 und d
082 ## - DEWEY DECIMAL CLASSIFICATION NUMBER
Item number 68856
Classification number 7 थ 82
100 ## - MAIN ENTRY--PERSONAL NAME
Personal name ODDIE BILL & BEAUMONT LAURA.
245 ## - TITLE STATEMENT
Title FROM THE TOP.
260 ## - PUBLICATION, DISTRIBUTION, ETC. (IMPRINT)
Name of publisher, distributor, etc A MAGNET BOOK.
Date of publication, distribution, etc 1982
300 ## - PHYSICAL DESCRIPTION
Extent 138
Other physical details साधी
365 ## - TRADE PRICE
Price amount 0
520 ## - SUMMARY, ETC.
Summary, etc स्टोरी.
630 ## - SUBJECT ADDED ENTRY--UNIFORM TITLE
Uniform title FROM THE TOP.
650 ## - SUBJECT ADDED ENTRY--TOPICAL TERM
Topical term or geographic name as entry element स्टोरी.
730 ## - ADDED ENTRY--UNIFORM TITLE
Uniform title FROM THE TOP.
942 ## - ADDED ENTRY ELEMENTS (KOHA)
Koha item type Book
Holdings
Withdrawn status Lost status Damaged status Not for loan Home library Current library Shelving location Date acquired Cost, normal purchase price Total Checkouts Barcode Date last seen Price effective from Koha item type Public note
        Shri Chhatrapati Pratapsinh Maharaj ( Thorle) Nagar Vachanalaya, Satara Shri Chhatrapati Pratapsinh Maharaj ( Thorle) Nagar Vachanalaya, Satara     0.00   SATVAC-68856 09/20/2010 09/20/2010 Book देवघेव